1759 1593 1582 1610 1523 1306 1670 1287 1555 1910 1629 1307 1670 1635 1728 1648 1629 1027 1936 1479 1341 1735 1765 1086 1745 1706 1876 1859 1364 1927 1581 1578 1816 1419 1242 1208 1684 1593 1966 1769 1675 1083 1487 1096 1436 1944 1598 1225 1126 1164 1544 1952 1316 1676 1224 1993 1920 1450 1018 1258 1569 1471 1723 1581 1341 1218 1118 1112 1716 1718 1233 1840 1787 1559 1836 1259 1018 1572 1426 1591 1898 1652 1980 1451 1552 1635 1879 1939 1764 1471 1314 1003 1460 1074 1728 1653 1475 1643 1068 BCNSPRNW ULIB Ver.6.0+V

เปลี่ยนเป็นภาษาไทย

Change to English
 แสดงรายละเอียดบรรณานุกรม
  กลับหน้าหลัก

Brief Record : Get Marc (ISO 2709) : E-mail record : QR code < ปิดหน้าต่าง
LEADER : 00000nam 2200000uu 4500
001    13399108544
003     ULIB
008    110308s2547||||th 000 0 tha d
020    9749252284
060  4 QV767^bก891ต 2547
100 0  แก้ว กาญจนา
245 00 ตำรับยาสมุนไพรรักษาโรคมะเร็ง/^cแก้ว กาญจนา
250    พิมพ์ครั้งที่ 2
260    กรุงเทพฯ:^bนีออน บุ๊ค มีเดี่ย,^c2547
300    101หน้า :^bภาพประกอบ
650  7 มะเร็ง^xยาสมุนไพร
945    ^p100^l0^i022952
995    ทศพร
999 ^a ใช้งานได้ทุกระบบ
รายการนี้ยังไม่มีแท็ก
คุณยังไม่ได้ล็อกอิน คุณสามารถมีกิจกรรมร่วมกับเว็บไซต์ได้ แต่ต้องล็อกอินก่อน ::
  ล็อกอิน

รายการสื่อสารสนเทศ

ลำดับที่ ประเภท เลขเรียก/บาร์โค้ด สถานที่ สถานะ
- ไม่พบข้อมูล -

รายการใกล้เคียง
    ผู้แต่ง [แก้ว กาญจนา]

BibComment


ยังไม่เคยถูกคอมเมนท์

คอมเมนท์ทรัพยากรรายการนี้
  คอมเมนท์: ตำรับยาสมุนไพรรัก..


 Copyright 2026. Bcnsprnw @Library